• 首页
  • 本馆介绍
  • 公告通知
  • 最新文献
  • 馆藏检索
  • 电子资源
  • 读者导购
  • 参考咨询
  • 我的图书馆
  • 登录
  • 详细信息显示
  • 放入我的书架
  • 预约/预借图书
  • 作者相关作品
  • 分类相关作品
  • 丛书相关作品
  • 出版社相关作品

书目信息

  • 表格格式
  • 工作单格式
  • 卡片格式
题名:
摄象机、录象机、编辑机、监视器原理配接维修
    
 
作者: 段玉平 主编
分册:  
出版信息: 北京   中国广播电视出版社  1988.8
页数: 747页
开本: 26cm
丛书名:
单 册:
中图分类: TN948.4
科图分类:
主题词:
电子资源:
ISBN: 7-5043-0064-0
000 00817nam0 2200229 45
001 0189030124
005 20070720115755.09
010    @a7-5043-0064-0@dCNY21.50
020    @aCN@b89030124
100    @a19911017d1988 m y0chiy0120 ea
101 0  @achi
102    @aCN@b110000
105    @ay z 000yy
200 10 @a摄象机、录象机、编辑机、监视器原理配接维修@Ashe xiang ji 、 lu xiang ji 、 bian ji ji 、 jian shi qi yuan li pei jie wei xiu@f段玉平主编@Fduan yu ping zhu bian
205    @b修订版
210    @a北京@c中国广播电视出版社@d1988.8
215    @a747页@d26cm
540 1  @a摄象机 录象机 编辑机 监视器@Ashe xiang ji  lu xiang ji  bian ji ji  jian shi qi
690    @aTN948.4@v3
701  0 @a段玉平@Aduan yu ping@4主编
801  0 @aCN@bNLC@c20070720
905    @f2@b246795-796@f1@b246798@dTN948.4@e130=2
    
    摄象机、录象机、编辑机、监视器原理配接维修/段玉平主编.-修订版.-北京:中国广播电视出版社,1988.8
    747页;26cm
    
    
    ISBN 7-5043-0064-0:CNY21.50
    
●
相关链接 在E读中查询图书 在五车中查询图书 在当当中查询图书 在豆瓣中查询图书


正题名:摄象机、录象机、编辑机、监视器原理配接维修     索取号:TN948.4/130=2         预约/预借

序号 登录号 条形码 馆藏地/架位号 状态 备注
1 0246795   001326452   第三借阅区/ [索取号:TN948.4/130=2] 在馆    
2 0246796   001326498   第三借阅区/ [索取号:TN948.4/130=2] 在馆    
3 0246798   001326416   第三借阅区/ [索取号:TN948.4/130=2] 在馆    
4 0246800   202123549   第二样本阅览室/ [索取号:TN948.4/130=2] 在馆    
5 0766186   207661868   密集书库/ [索取号:TN948.4/130=2] 在馆    
唐山师范学院图书馆 欢迎您!
大连网信软件有限公司© 版权所有